| 000 | 00451nam a2200169Ia 4500 | ||
|---|---|---|---|
| 008 | 180921t2015 xxu||||| |||| 00| 0 sin d | ||
| 041 | _asin | ||
| 080 |
_a32 _bKRI |
||
| 100 | _aKrishnamurthi, J | ||
| 245 | _aලෝකය නම් ඔබයි | ||
| 246 | _aLokaya Nam Obai | ||
| 260 |
_bSri Lanka Krishna Murthi Maddiyasthanaya _aColombo _c2015 |
||
| 300 | _b280p, 18cm | ||
| 942 | _cBK | ||
| 999 |
_c3088 _d3088 |
||
| 003 | LK-CoDNM | ||
| 040 |
_aLK-CoDNM _dLK-CoDNM _eLK-CoDNM |
||